000 00445nam a2200169Ia 4500
008 131103s9999 xx 000 0 und d
040 _aLoreto College
041 _aEnglish
082 _aF/DUR
_bLCBED/6348
100 _aDurrell, Gerald
245 2 _aA zoo in my luggage
_cGerald Durrell
260 _aLondon
_bRupert Hart-Davis
_c1961
300 _a205p.
_b pic.
_c 22cm.
650 _aEnglish fiction
850 _aLCBED/F/DUR
942 _cBK
999 _c32313
_d82792